000 00724nam a2200265Ia 4500
005 20260302114509.0
008 008 260114s9999 xx 000 0 eng d
020 _a9781978736719
037 _aTextbook
040 _aCRL
040 _beng
040 _cCRL
041 _2eng
041 _aeng
084 _qCRL
100 _aWilliam H. F. Altman
_91118039
245 4 _aThe Guardians on Trial The Reading Order of Plato's Dialogues from Euthyphro to Phaedo
260 _bBloomsbury
260 _bLexington Books
260 _c2016
650 _aPhilosophy
856 _uhttps://doi.org/10.5040/9781978736719?locatt=label:secondary_bloomsburyCollections
942 _cEBOOK
999 _c1682768
_d1682768